| 000 | 00541nam a22001937a 4500 | ||
|---|---|---|---|
| 003 | OSt | ||
| 005 | 20160812144354.0 | ||
| 008 | 160812b xxu||||| |||| 00| 0 eng d | ||
| 020 | _a3540326510 | ||
| 040 | _cDDC. | ||
| 082 | _a004.36MUH 2006. | ||
| 100 |
_aMuhl,Gero;Fiege,Ludger;Pietzuch; _910630 |
||
| 245 | _aDistributed Event -Based systems. | ||
| 260 |
_aGermany. _bSpringer. _c2006. |
||
| 300 |
_axviii,384p; _bill; _c25cm. |
||
| 504 | _aincludes references and index. | ||
| 650 |
_aDistributed systems. _910631 |
||
| 942 |
_2ddc _cO_SHELF |
||
| 999 |
_c4964 _d4964 |
||